|
|
|
|
| LEADER |
00825cam a2200205 7i4500 |
| 001 |
0000042493 |
| 005 |
20170222090000.0 |
| 020 |
|
|
|a 9780838958049 (pbk.)
|
| 090 |
0 |
0 |
|a Z674.75.W67
|b K28 2009
|
| 100 |
1 |
|
|a King, David Lee
|
| 245 |
1 |
0 |
|a Building digital branch :
|b guidelines for transforming your library website
|c David Lee King.
|
| 260 |
|
|
|a Chicago, USA:
|b ALA TechSource,
|c 2009.
|
| 300 |
|
|
|a 39 p.:
|b ill.;
|c 28 cm.
|
| 490 |
0 |
|
|a Library technology report;
|v expert guides to library systems and services
|
| 650 |
0 |
0 |
|a Web sites --
|x Authoring programs
|
| 650 |
0 |
0 |
|a Library Web sites --
|x Design
|
| 997 |
|
|
|a Communication, Visual Art & Computing, Faculty
|b Communication, Department
|
| 998 |
|
|
|a Library Science, Degree
|
| 998 |
|
|
|a Library Science, Diploma
|
| 999 |
|
|
|a 0000055729
|b BOK
|c OPEN SHELF
|e 2nd Floor, Bestari Jaya
|